000
00342 a2200157 4500
001
177763
020
_a
040
_c
Magnum
100
_a
Andrade, Maria Ines Chaves de
240
1
0
_a
Sacia-perereca
_l
por
245
1
0
_a
Sacia-perereca
362
0
_a
1899
440
1
_a
Miguilim
697
_a
MAGNITO: IJ/AVENTURA, CRIANCAS
942
_c
BK
999
_c
177763
_d
177763